000 00547nam a2200217Ia 4500
003 OSt
005 20220926042138.0
006 a|||||r|||| 00| 0
007 ta
008 220923b |||||||| |||| 00| 0 eng d
037 _cGeneral Book
040 _aRTL
_cRTL
_beng
041 _2eng
_aeng
082 _aX722:(Z2.N53), J4
100 _aBagadthey PS
_9345875
245 0 _aHand book on estate duty
260 _c1954
650 _aTax
942 _hX722:(Z2.N53), J4
_cGB
_2CC
999 _c668976
_d668976